ঢ়
ক্ষ
ড়
ঢ়
য়
র-ফলা‌‌‌
 
 
য-ফলা
ি
 
 
রেফ
 
 
 
যুক্ত করুন/হসন্ত
Space
Enter

Linguistics: (Record no. 8480)

000 -LEADER
fixed length control field 00619nam a2200205 4500
001 - CONTROL NUMBER
control field 22059
003 - CONTROL NUMBER IDENTIFIER
control field BD-DhUAP
005 - DATE AND TIME OF LATEST TRANSACTION
control field 20240324121312.0
008 - FIXED-LENGTH DATA ELEMENTS--GENERAL INFORMATION
fixed length control field 240324b19962014ny a|||| |||| 001 0aeng d
020 ## - INTERNATIONAL STANDARD BOOK NUMBER
International Standard Book Number 9780194372060
040 ## - CATALOGING SOURCE
Original cataloging agency BD-DhUAP
Language of cataloging Eng
Transcribing agency BD-DhUAP
Modifying agency BD-DhUAP
082 ## - DEWEY DECIMAL CLASSIFICATION NUMBER
Edition number 23
Classification number 410 WId
100 ## - MAIN ENTRY--PERSONAL NAME
Personal name Widdowson, H. G.
245 ## - TITLE STATEMENT
Title Linguistics:
Remainder of title Introductions to Language Study/
Statement of responsibility, etc. H.G.Widdowson.
260 ## - PUBLICATION, DISTRIBUTION, ETC.
Place of publication, distribution, etc. New York;
Name of publisher, distributor, etc. Oxford University Press,
Date of publication, distribution, etc. 2014.
300 ## - PHYSICAL DESCRIPTION
Extent xiii, 134 pages
Other physical details ill. ;
Dimensions 20 cm
504 ## - BIBLIOGRAPHY, ETC. NOTE
Bibliography, etc. note 125-132 Includes bibliographical references.<br/>
650 ## - SUBJECT ADDED ENTRY--TOPICAL TERM
Topical term or geographic name entry element Linguistics
942 ## - ADDED ENTRY ELEMENTS (KOHA)
Source of classification or shelving scheme
Koha item type Book
Holdings
Withdrawn status Lost status Source of classification or shelving scheme Damaged status Not for loan Permanent Location Current Location Shelving location Date acquired Full call number Barcode Date last seen Copy number Cost, replacement price Price effective from Koha item type
          UAP Central Library UAP Central Library General Stacks 2024-03-24 410 WId 3010022059 2024-03-24 1 801.00 2024-03-24 Book

All rights reserved © UAP Central Library,
University of Asia Pacific.